00442nam a22001697a 450000500170000001000150001702000250003203500140005703700090007108200110008010000300009124500470012125000100016826000320017827000420021030000200025220240912160746.0 aENG-141738 c90.00a9789351790716 aEN-125270 bDBAD a270.27 aKhan, Maulana Wahiduddin aThe Age Of Peace/cMaulana Wahiduddin Khan aFirst aNoidabGoodword Booksc2015 bNoidaaA-21, Sector 4, Nodia e201301 a192p.c22cm(pb)